Дело о посвящении и поднесении Александру I и императрицам Д. Н. Бантыш-Каменским своей книги "История Малороссии"

RUSMARC
00006672cmc2a2200000 x 450
001c5cdd357-b261-4082-885f-ab1276b7937d
00520161021140943.0
100##$a20150421l18221830k l0rusy0189 ca
1010#$arus
102##$aRU
2001#$aДело о посвящении и поднесении Александру I и императрицам Д. Н. Бантыш-Каменским своей книги "История Малороссии"
$e11 октября 1822 г. - 18 августа 1830 г.
$j1822-1830
251##$cДело
300##$aОригинальный заголовок дела: Дело по письму Бантыш-Каменского с препровождением экземпляров изданной им книги История Малороссии : 11 октября 1822 г. - 18 августа 1830 г.
300##$aРукописный текст. Чернила
801#0$aRU
$bРГИА
$c20150421
801#1$aRU
$bГлавНИВЦ
$c20150421
$2rusmarc
801#2$aRU
$bПБ им. Б.Н. Ельцина
$c20151229
$gRCR
$2rusmarc
850##$aФедеральное казенное учреждение "Российский государственный исторический архив" (РГИА)
852##$aРГИА
$j182
937##$hРГИА
$d11418917
$aASBIBLIO_SCAN
462#0$10017ff33d0d-4fb3-4ffd-a38b-3e370d0d7251
$12001
$aОбщие дела 1-го отделения Департамента народного просвещения за 1818-1840 гг.
$vД. 182
$1251
$cОпись
$1852
$j87
461#0$1001a74412a3-3cc5-4d21-8f0a-dfe2fbd9e72d
$12001
$aДепартамент народного просвещения Министерства народного просвещения
$1251
$cФонд
$1852
$j733
215##$a29 листов
$d36,5х26 см
371##$aДокумент не является опубликованным и широко распространяемым
105##$ay###
1222#$ad18221011##
$ad18300818##
5171#$aДело по письму Бантыш-Каменского с препровождением экземпляров изданной им книги История Малороссии
$e11 октября 1822 г. - 18 августа 1830 г.
035##$ac5cdd357-b261-4082-885f-ab1276b7937d
600#1$2nlr_sh1
$3RU\NLR\AUTH\66121177
$aБантыш-Каменский
$bД.Н.
$f1788 - 1850
$gДмитрий Николаевич
$jДокументы и материалы
600#0$2nlr_sh
$3RU\NLR\AUTH\6620141
$aАлександр
$cимператор российский
$dI
$f1777 - 1825
$jДокументы и материалы
600#0$2nlr_sh
$3RU\NLR\AUTH\66409709
$aЕлизавета Алексеевна
$cимператрица российская
$f1779 - 1826
$jДокументы и материалы
605##$2acquisition_Prlib
$3DITM\AF\0000004675
$aТерритория
$lколлекция
605##$aВласть
$lколлекция
$2acquisition_Prlib
$3DITM\AF\0000002775
605##$aРоссия в лицах
$lколлекция
$2acquisition_Prlib
$3DITM\AF\0000004166
605##$aДом Романовых
$lколлекция
$2acquisition_Prlib
$3LIBNET\UAF\0000008152
607##$2nlr_sh
$3RU\NLR\AUTH\661265424
$aУкраина
$jДокументы и материалы
$xИстория
686##$2rubbk
$a63.3(2)52ю1
$vLBC/M
8564#$uhttp://www.prlib.ru/Lib/pages/item.aspx?itemid=142623
Формат отображения